000 00576nam a2200229 a 4500
001 nice12345678
003 IN_TiNIC
005 20260116014752.0
008 080409s2000 dela grp 000 0 eng
020 _a
_c300
082 0 0 _a340.59
_bDHA
100 _aDhahabi, Muhammad Bin Uthman
245 _aThe Major Sins (al-Kabair)
260 _aDelhi
_bMillat Book Centre
_c2000
300 _a277p
500 _aincludes index and biblioraphy
650 _aIslamic-Law
700 1 _aDhahabi, Muhammad Bin Uthman
902 _bSRS
942 _cBK
999 _c16862
_d16862